Présentateurs et journalistes TV 2022-23 - Statistiques

Statistiques générales
  • Ce quiz a été pris 542 fois
  • Le résultat moyen est 22 sur 41
Statistiques - réponses
Émission Chaine Présentateur % Correct
N'oubliez pas les paroles France 2 Nagui
92%
Touche pas à mon poste C8 Cyril Hanouna
86%
50 minutes inside TF1 Nikos Aliagas
84%
The Voice TF1 Nikos Aliagas
84%
Vendredi tout est permis TF1 Arthur
83%
Quotidien TMC Yann Barthes
80%
Danse avec les stars TF1 Camille Combal
77%
Mask Singer TF1 Camille Combal
77%
Les douze coups du midi TF1 Jean-Luc Reichmann
77%
Questions pour un champion France 3 Samuel Etienne
77%
Vivement dimanche France 2 Michel Drucker
75%
L'amour est dans le pré M6 Karine Le Marchand
74%
Fort Boyard France 2 Olivier Minne
73%
Secrets d'histoire France 2 Stéphane Bern
70%
Recherche maison ou appartement M6 Stéphane Plaza
68%
Cauchemar en cuisine W9 Philippe Etchebest
67%
Koh Lanta TF1 Denis Brogniart
64%
L'heure des pros C NEWS Pascal Praud
60%
Slam France 3 Cyril Féraud
59%
Le 20H TF1 Gilles Bouleau
56%
20H30 le dimanche France 2 Laurent Delahousse
54%
Les enfants de la télé France 2 Laurent Ruquier
54%
Envoyé Spécial France 2 Élise Lucet
50%
Sept à huit TF1 Harry Roselmak
50%
Appoline Matin BFM TV Appoline de Malherbe
49%
Le 20H France 2 Anne-Sophie Lapix
44%
Ça commence aujourd'hui France 2 Faustine Bollaert
43%
C à vous (France 5) France 5 Anne-Élisabeth Lemoine
39%
Clique Canal + Mouloud Achour
37%
Téléfoot TF1 Grégoire Margotton
35%
Capital M6 Julien Courbet
35%
L'émission politique France 2 Léa Salamé
29%
Punchline C NEWS Laurence Ferrari
27%
Le 13H TF1 Marie-Sophie Laccareau
23%
Zone interdite M6 Ophélie Meunier
22%
Face à l'info C NEWS Christine Kelly
18%
90' enquêtes TMC Tatiana Silva
18%
C dans l'air France 5 Caroline Roux
16%
22H Max BFM TV Maxime Switek
13%
Des racines et des ailes France 3 Carole Gaessler
9%
28 minutes Arte Élisabeth Quin
7%
Aucun quiz correspondant
Distribution des résultats
% des personnes avec chaque résultat
Percentile par nombre de réponses
Votre historique - résultats
Vous n’avez pas pris ce quiz